Ekonomické a inštitucionálne faktory efektívnosti poľnohospodárskej výroby v SR

Zhodnotenie ekonomických a inštitucionálnych faktorov v poľnohospodárstve prostredníctvom ekonomickej analýzy postavenia poľnohospodárstva v národnom hospodárstve a ekonomickej výkonnosti poľnohospodárstva v rokoch 2000-2004. Rozhodujúci vplyv na poľnohospodárstvo mal vstup SR do EÚ a prevzatie SPP....

Full description

Saved in:
Bibliographic Details
Main Author: Chrastinová, Zuzana
Format: Book Chapter
Language:Slovak
Subjects:
Tags: Add Tag
No Tags, Be the first to tag this record!

MARC

LEADER 00000naa$a2200000$$$4500
001 0040853
005 20231018091508.5
041 0 |a slo 
044 |a SK 
245 1 0 |a Ekonomické a inštitucionálne faktory efektívnosti poľnohospodárskej výroby v SR  |c Zuzana Chrastinová 
520 |a Zhodnotenie ekonomických a inštitucionálnych faktorov v poľnohospodárstve prostredníctvom ekonomickej analýzy postavenia poľnohospodárstva v národnom hospodárstve a ekonomickej výkonnosti poľnohospodárstva v rokoch 2000-2004. Rozhodujúci vplyv na poľnohospodárstvo mal vstup SR do EÚ a prevzatie SPP. Vývoj základných ekonomických ukazovateľov, ekonomické výsledky podľa právnych foriem hospodárenia. Počet ziskových a stratových podnikov v poľnohospodárskej prvovýrobe podľa objemu hospodárskeho výsledku. Prepočítané ukazovatele o výsledkoch hospodárenia samostatne hospodáriacich roľníkov. Závislosť pozície slovenského poľnohospodárstva v rozšírenom európskom priestore od konkurenčnej schopnosti a výkonnosti poľnohospodárskych subjektov. Analýza /2000-2004/ naznačila veľkú diferenciáciu výsledkov poľnohospodárskych podnikov, nielen v rámci rozdielnych, ale aj v rámci rovnakých prírodných podmienok. 
610 2 0 |a poľnohospodárstvo 
610 2 0 |a Slovensko 
610 2 0 |a výsledok hospodársky 
610 2 0 |a výroba poľnohospodárska 
610 2 0 |a efektívnosť 
610 2 0 |a analýzy 
100 1 |a Chrastinová, Zuzana